Statistics for Taylor Swift - Say Don't Go (Lyrics)

Click here to take the quiz!

General Stats

  • This quiz has been taken 428 times
  • The average score is 327 of 378

Answer Stats

Answer% Correct
the
99%
The
99%
you"
99%
you?
99%
you
99%
You
99%
"I
98%
I
98%
me
98%
a
97%
don't
97%
"Don't
97%
go,"
97%
go"
97%
have
97%
say,
97%
say
97%
Say,
97%
to
97%
in
96%
leave
96%
Why'd
96%
on
95%
on?
95%
and
94%
And
94%
no,
94%
bleeding,
93%
bleeding?
93%
dark?
92%
dark
92%
twist
91%
not
90%
away
89%
for
89%
Just
89%
knife?
89%
your
89%
if
88%
night?
88%
lead
87%
love
87%
Walk
87%
Now
85%
stay
85%
would
85%
forever
84%
I'm
84%
it
84%
Make
82%
said,
82%
screaming,
82%
screaming
82%
back
81%
back?
81%
nothing
81%
oh
81%
Oh
81%
whisper
81%
But
80%
but
80%
won't,
80%
silence
80%
won't
80%
won't,
80%
has
78%
wait
78%
want
76%
alone
74%
you're
74%
I've
72%
from
71%
is
71%
very
70%
darkest
69%
it's
69%
standing
69%
start
69%
known
68%
We're
68%
Give
67%
shot
67%
hold
66%
my
66%
out
66%
then
66%
there
66%
by
64%
stop
64%
waiting
64%
fair
62%
mine
62%
tightrope
62%
into
61%
kiss
61%
madness
61%
sidewalk
60%
yours,
60%
sadness
59%
that
59%
close
58%
door,
57%
little
57%
time
57%
bit
56%
'Cause
56%
drive
56%
ground
56%
hope
56%
longer
56%
breath
55%
Halfway
55%
holding
55%
pacing
55%
Fading
54%
match,
54%
shaky
54%
stops
54%
blow
52%
unarmed
52%
see
51%
about
50%
show
50%
Strike
49%
unless
45%
cards
44%
fold
39%
tryna
34%

Score Distribution

Percentile by Number Answered

Percent of People with Each Score

Your Score History

You have not taken this quiz